University Home | Library Home | Institutional Repository

The Mwindo Epic. (Record no. 8375)

MARC details
000 -LEADER
fixed length control field 00587cam6a220021700 4500
001 - CONTROL NUMBER
control field zam00002581
008 - FIXED-LENGTH DATA ELEMENTS--GENERAL INFORMATION
fixed length control field 951128s1969 xx eng u
035 ## - SYSTEM CONTROL NUMBER
System control number (Sirsi) r19934
035 ## - SYSTEM CONTROL NUMBER
System control number (MACHINE)SLC.
100 ## - MAIN ENTRY--PERSONAL NAME
Personal name Biebuyck, D.
Linkage A81059.1
245 14 - TITLE STATEMENT
Title The Mwindo Epic.
260 ## - PUBLICATION, DISTRIBUTION, ETC.
Date of publication, distribution, etc. 1969.
591 ## -
-- Class code: LAL 320.
591 ## -
-- Course: African oral literature.
591 ## -
-- School: S05.
591 ## -
-- Lecturer: Mr. MUNDIA, M.W.
591 ## -
-- Number of Students: 53.
949 ## - LOCAL PROCESSING INFORMATION (OCLC)
a PL8593.M9
w lcc
m MAIN
p 2500
t SHORTLOAN
l SHORTLOAN
909 ## -
-- Book
Holdings
Withdrawn status Lost status Source of classification or shelving scheme Damaged status Not for loan Home library Current library Shelving location Total Checkouts Full call number Barcode Date last seen Copy number Price effective from Koha item type
    Library of Congress Classification     Main Library Main Library Academic reserves/Short loan   PL 8593.8.M9 1969 33729001489314 08/12/2019 1 08/12/2019 Short Loan material
© 2026 - The University of Zambia Library - Koha v25.11